| 000 | 00879nam a22002657a 4500 | ||
|---|---|---|---|
| 003 | OSt | ||
| 005 | 20260601171018.0 | ||
| 008 | 260508b1998\\\\xxu|||||\||||\00|\0\eng\d | ||
| 020 | _a0866365869 | ||
| 040 |
_aICI _bspa _cICI _erda |
||
| 041 | _aeng | ||
| 050 |
_aNA6875 .C37 _b1999 |
||
| 100 | 1 |
_aCasamassima, Christy. _934311 |
|
| 245 | 1 |
_aRestaurant 2000 / _cChristy Casamassima. |
|
| 260 |
_aGloucester, Mass. : _bRockport Publishers, _c1999. |
||
| 300 |
_a224 páginas : _bilustraciones a color ; _c31 cm. |
||
| 504 | _aIncluye referencias bibliográficas. | ||
| 650 |
_aRestaurantes _xDiseño y construcción. |
||
| 650 | _aArquitectura comercial. | ||
| 650 |
_aDiseño de interiores. _919717 |
||
| 650 |
_aEspacios gastronómicos _xDiseño. _934314 |
||
| 650 | _aInteriorismo comercial. | ||
| 650 |
_aDiseño arquitectónico contemporáneo. _934316 |
||
| 942 |
_2lcc _cB _n1 |
||
| 999 |
_c20785 _d20785 |
||